| 000 | 00436nam a2200181Ia 4500 | ||
|---|---|---|---|
| 003 | GCL | ||
| 008 | 140319s9999 xx 000 0 eng d | ||
| 040 |
_aGCL / _cGCL |
||
| 082 | 0 | 4 |
_a792.0233 _bT D |
| 100 | 1 | _aTAYLOR, DON | |
| 245 | 1 | 0 |
_aDIRECTING PLAYS / _cTAYLOR, DON |
| 260 |
_a[S.N] : _bA AND C BLACK LIMITED ، _c1996 |
||
| 300 | _a201 P | ||
| 650 | 0 | 4 | _aARTS |
| 650 | 0 | 4 | _aPLAY |
| 650 | 0 | 4 | _aDIRECTING PLAYS |
| 942 |
_2ddc _cBK |
||
| 999 |
_c15716 _d15716 |
||